banner-ar

اكتشاف التقنيات العلمية لقدماء المصريين فى تدجين البجع / (Record no. 65087)

MARC details
000 -الفاتح
حقل البيانات ثابتة الطول 01013nam a22002417a 4500
005 - وقت وتاريخ اخر تعامل مع التسجيلة
رقم الضبط 20240530110806.0
008 - عناصر البيانات ثابتة الطول - معلومات عامة
حقل البيانات ثابتة الطول 190227s2018 ua ah f b 000 0 ara d
017 ## - رقم الايداع القانونى
رقم الايداع القانونى 2018/11229
المصدر ( الهيئة المختصة) مصر. دار الكتب
040 ## - مصدر الفهرسة
وكالة الفهرسة الأصلية EG-CaGPL
وكالة النسخ EG-CaGPL
082 04 - رقم تصنيف ديوى العشرى
رقم الطبعة 21
رقم التصنيف 636.60932/
رقم المادة ق/أ أ
100 0# - المدخل الرئيسى - إسم شخصى
الإسم الشخصى احمد حسين عبدالمجيد
245 10 - بيان العنوان
العنوان اكتشاف التقنيات العلمية لقدماء المصريين فى تدجين البجع /
بيان المسئوليه,etc احمد حسين عبدالمجيد
250 ## - بيان الطبعة
بيان الطبعة ط.1
260 ## - PUBLICATION, DISTRIBUTION, ETC. (IMPRINT)
تاريخ النشر أو التوزيع 2018.
300 ## - الوصف المادى
التعداد 287 ص. :
تفاصيل ماديه اخرى للوعاء ايض ؛
أبعاد الوعاء 24 سم.
490 0# - بيان السلسلة
عنوان السلسلة موسوعة التقنيات العلمية فى الزراعة ؛
رقم المجلد/ التعيين التسلسلي 2.
504 ## - تبصرة ببليوجرافية
تبصرة ببليوجرافية,الخ يشتمل على ارجاعات ببليوجرافية
650 07 - المدخل الاضافى بالموضوع-مصطلح موضوعى
مصدر الرأس أو المصطلح qrmak
مصطلح موضوعي القدماء المصرين
650 07 - المدخل الاضافى بالموضوع-مصطلح موضوعى
مصدر الرأس أو المصطلح qrmak
مصطلح موضوعي الزراعة
التقسيم الفرعي العام مصر الفرعونية
651 07 - المدخل الاضافى بالموضوع - اسم جغرافى
مصدر الرأس أو المصطلح qrmak
الاسم الجغرافي مصر الفرعونية
التقسيم الفرعي العام تاريخ
942 ## - عناصر المدخل الإضافي( كوها)
مصدر التصنيف او مخطط الترفيف Dewey Decimal Classification
Koha [default] item type كتاب
260 ## - PUBLICATION, DISTRIBUTION, ETC. (IMPRINT)
-- القاهرة :
-- المؤلف،
Holdings
حالة التراجع حالة الفقد حالة تلف ليس للاعارة المكان المؤقت الموقع الحالى موقع الترفيف تاريخ الاكتساب اجمالي اﻻعارات رقم الطلب الباركود تاريخ اخر مشاهدة تاريخ تفعيل السعر نوع وعاء كوها
        مكتبة القاهرة الكبرى مكتبة القاهرة الكبرى   02/27/2019   636.60932/ ق/أ أ 165641 02/27/2019 02/27/2019 كتاب

Powered By

EGPV